000 00807nam a2200253Ia 4500
003 OSt
005 20220918170204.0
006 a|||||r|||| 00| 0
007 ta
008 220917b |||||||| |||| 00| 0 eng d
020 _a978 0 7453 3997 9 (pbk)
_cUKP 24.99
024 _a351,946
037 _b044, 13/12/2019, Classic Book Service
_cTextual
040 _aARTS
_cARTS
_beng
041 _2eng
_aeng
082 _aX:3M24xM18, Q9
100 _aCleaver Harry Au.
_927499
245 0 _a33 lessons on capital
_b reading marx politically
260 _aLondon
_bPluto Press UK
_c2019
300 _aviii,519p.
_ccm.
650 _aECONOMICS; MARX, KARL
_927500
942 _hX:3M24xM18, Q9
_cTEXL
_2CC
999 _c132975
_d132975